| 000 | 01268cam a2200409 a 4500 | ||
|---|---|---|---|
| 001 | 22831 | ||
| 003 | SK-KTurca | ||
| 005 | 20260429102009.0 | ||
| 008 | 150421s2014 xo ac j 000 fdslo d | ||
| 015 | _aSNBA2015/03 | ||
| 020 | _a9788056400296 (brož.) | ||
| 035 | _aa000530896 | ||
| 040 |
_aPOKPOH _bslo _cUKB _dSNK _eAACR2 |
||
| 041 | 1 |
_aslo _hger |
|
| 044 |
_axo _cSK |
||
| 072 | 7 |
_a821.112.2-3 _xNemecká próza, nemecky písaná _2konspekt |
|
| 072 | 7 |
_a821-93 _xLiteratúra pre deti a mládež (beletria) _2konspekt |
|
| 080 |
_a821.112.2(436)-31 _22004 |
||
| 080 |
_a(0:82-31) _22004 |
||
| 080 |
_a821-93 _22004 |
||
| 100 | 1 |
_aBrezina, Thomas, _d1963- |
|
| 240 | 1 | 0 |
_aAmy Angel. _lSlovensky |
| 245 | 1 | 0 |
_aDotyk anjela _cThomas C. Brezina ; [z nemeckého originálu preložila Martina Vankúšová] |
| 250 | _a2. vyd. | ||
| 260 |
_aBratislava _bFragment _c2014 |
||
| 300 |
_a352 s. _bil., portr. |
||
| 490 | 1 | _aYoung adults | |
| 653 | _a821.112.2(436)-31 | ||
| 653 | _a821-93 | ||
| 653 | _a(0:82-31) | ||
| 655 | 7 |
_arakúske romány _2UKBPH |
|
| 655 | 7 |
_apublikácie pre mládež _2UKBPH |
|
| 700 | 1 |
_aVankúšová, Martina _4trl |
|
| 830 | 0 | _aYoung adults | |
| 942 |
_2ddc _cKLDO _n0 |
||
| 999 |
_c22831 _d22831 |
||